• 首页
  • 本馆介绍
  • 公告通知
  • 最新文献
  • 馆藏检索
  • 电子资源
  • 读者导购
  • 参考咨询
  • 我的图书馆
  • 登录
  • 详细信息显示
  • 放入我的书架
  • 预约/预借图书
  • 作者相关作品
  • 分类相关作品
  • 丛书相关作品
  • 出版社相关作品

书目信息

  • 表格格式
  • 工作单格式
  • 卡片格式
题名:
胸部影像
    
 
作者: 普波 主编 ;叶晓丹 , 叶剑定 主译
分册:  
出版信息: 上海   第二军医大学出版社  2015
页数: 256页
开本: 26cm
丛书名:
单 册:
中图分类: R560.4
科图分类:
主题词: 胸腔疾病--Xiong Qiang Ji Bing--影像诊断
电子资源:
ISBN: 978-7-5481-0966-2
000 01275nam0 2200313 450
001 1672912359
005 20150609085558.9
010    @a978-7-5481-0966-2@dCNY100.00
100    @a20150609d2015 em y0chiy0120 ea
101 1  @achi@ceng
102    @aCN@b110000
105    @aa z 000yy
106    @ar
200 1  @a胸部影像@AXiong Bu Ying Xiang@e病例解析@f主编 (德) John C. Pedrozo Pupo@g主译叶晓丹, 叶剑定
210    @a上海@c第二军医大学出版社@d2015
215    @a256页@c图 (部分彩图)@d26cm
312    @a原文题名取自于封面
314    @a责任者Pupo规范汉译姓: 普波
330    @a本书以病例的形式介绍了胸部基本病变和影像学征象,共分10章。包括胸膜与胸膜腔疾病、横膈疾病、纵膈和肺循环疾病、气腔和支气管疾病等。从临床变现、影像学检查以及病理变化等方面阐述病例,并且每个病例的影像学表现附有详细的影像学征象描述。
333    @a可供影像科、呼吸内科、胸外科等专业医务人员使用,也可作为研究生的课外参考书。
500 10 @aLearning chest imaging@mChinese
517 1  @a病例解析@ABing Li Jie Xi
606 0  @a胸腔疾病@AXiong Qiang Ji Bing@x影像诊断
690    @aR560.4@v5
701  0 @a普波@APu Bo@g(Pupo, John C. Pedrozo)@4主编
702  0 @a叶晓丹@AYe Xiao Dan@4主译
702  0 @a叶剑定@AYe Jian Ding@4主译
801  0 @aCN@b江苏新华@c20150511
905    @aBZT@dR560.4@e2
    
    胸部影像:病例解析/主编 (德) John C. Pedrozo Pupo/主译叶晓丹, 叶剑定.-上海:第二军医大学出版社,2015
    256页:图 (部分彩图);26cm
    使用对象:可供影像科、呼吸内科、胸外科等专业医务人员使用,也可作为研究生的课外参考书。
    
    ISBN 978-7-5481-0966-2:CNY100.00
    本书以病例的形式介绍了胸部基本病变和影像学征象,共分10章。包括胸膜与胸膜腔疾病、横膈疾病、纵膈和肺循环疾病、气腔和支气管疾病等。从临床变现、影像学检查以及病理变化等方面阐述病例,并且每个病例的影像学表现附有详细的影像学征象描述。
●
相关链接 在五车中查询图书 在当当中查询图书 在豆瓣中查询图书


正题名:胸部影像     索取号:R560.4/2         预约/预借

序号 登录号 条形码 馆藏地/架位号 状态 备注
1 798244   2000798244   第二书库/ [索取号:R560.4/2] 在馆    
2 798245   2000798245   第二书库/ [索取号:R560.4/2] 在馆    
3 798246   2000798246   第二书库/ [索取号:R560.4/2] 在馆    
山东省滨州职业学院图书馆 欢迎您!
大连网信软件有限公司© 版权所有